The deliberative practitioner: encouraging participatory planning processes /
Guardat en:
| Autor principal: | |
|---|---|
| Format: | Desconegut |
| Idioma: | English |
| Publicat: |
Massachusetts :
The MIT Press
|
| Etiquetes: |
Afegir etiqueta
Sense etiquetes, Sigues el primer a etiquetar aquest registre!
|
MARC
| LEADER | 00000 a2200000 04500 | ||
|---|---|---|---|
| 001 | 45239 | ||
| 003 | |||
| 008 | 050623s2001 mau eng d | ||
| 040 | |||
| 020 | |a 0-262-56122-0 | ||
| 022 | |a 0-262-56122-0 | ||
| 090 | |a 0003 F717d | ||
| 100 | |a Forester, John | ||
| 245 | |a The deliberative practitioner: |b encouraging participatory planning processes / |c John Forester | ||
| 260 | |a Massachusetts : |b The MIT Press | ||
| 300 | |a 305 páginas | ||
| 999 | |c 3331 |d 3331 | ||



